Self-regarding art : editors' introduction /
Αποθηκεύτηκε σε:
| Κύριος συγγραφέας: | |
|---|---|
| Άλλοι συγγραφείς: | |
| Μορφή: | Άρθρο |
| Γλώσσα: | English |
| Θέματα: | |
| Ετικέτες: |
Προσθήκη ετικέτας
Δεν υπάρχουν, Καταχωρήστε ετικέτα πρώτοι!
|
| Thư viện lưu trữ: | Thư viện Trường Đại học Đà Lạt |
|---|
| LEADER | 00721nam a2200253 4500 | ||
|---|---|---|---|
| 001 | DLU090069452 | ||
| 005 | ##20090511 | ||
| 040 | # | # | |a DLU |b eng |
| 041 | # | # | |a eng |
| 044 | # | # | |a US |
| 100 | # | # | |a Whitlock, Gillian. |
| 245 | # | # | |a Self-regarding art : |b editors' introduction / |c Gillian Whitlock, Anna Poletti. |
| 653 | # | # | |a Autobiography |
| 700 | # | # | |a Poletti, Anna. |
| 773 | # | # | |t Biography |g Vol. 31, no. 1 (Winter 2008), p. V-XXIII |
| 920 | # | # | |a Phòng Tạp chí -- Trung tâm Thông tin - Thư viện Trường Đại học Đà Lạt |
| 994 | # | # | |a DLU |
| 900 | # | # | |a True |
| 911 | # | # | |a Trương Bảo Trâm Anh |
| 925 | # | # | |a G |
| 926 | # | # | |a A |
| 927 | # | # | |a BB |
| 980 | # | # | |a Thư viện Trường Đại học Đà Lạt |